000
00248nam a22001097a 4500
008
170126b xxu||||| |||| 00| 0 eng d
020
_a
9780763725716
041
_a
eng
080
_2
4TH
_a
61
245
_a
HEALTH CARE USA
_c
SULTS, H.A
942
_2
udc
_c
BK
999
_c
3744
_d
3744